[Event "Candidates final"]
[Site "Elista"]
[Date "2007.06.12"]
[Round "2.6"]
[White "Rublevsky, Sergei"]
[Black "Grischuk, Alexander"]
[Result "1/2-1/2"]
[WhiteElo "2680"]
[BlackElo "2717"]
[Annotator "Marin,M"]
[PlyCount "40"]
[EventDate "2007.06.06"]
[EventType "k.o."]
[EventRounds "6"]
[EventCountry "RUS"]
[SourceTitle "CBM 119"]
[Source "ChessBase"]
[SourceDate "2007.08.01"]
[SourceVersion "1"]
[SourceVersionDate "2007.08.01"]
[SourceQuality "1"]

{A tensioned but nonetheless short playing session. In Rublevsky-Grischuk
Black played a novelty, sacrificed a pawn and then the queen, but it all ended
by perpetual after 20 moves. Playing with the white pieces and desperately
needing to win, Shirov did not find the key to Aronian's defence.} 1. e4 e5 2.
Nf3 Nc6 3. d4 exd4 4. Nxd4 Bc5 5. Nxc6 Qf6 6. Qf3 bxc6 7. Qg3 h5 8. h4 Nh6 9.
f3 d5 10. Nc3 Bd4 ({Deviating from} 10... Bb4 {, as played in the 4th game.
Abstractly speaking, moving with the bishop for the second time along the same
diagonal looks like a loss of tempo, while the text move can rather be
considered a centralization.}) 11. Bd2 Rb8 {Besides, the b-file is available
for the rook, now.} 12. O-O-O Be5 13. Qg5 Qd6 14. exd5 O-O {Black has taken
his king into safety and threatens ...Qb4, with a crushing attack.} 15. Bc4 {
Parrying the threat by developing a piece.} cxd5 {Releasing the tension in the
centre. 15...Bf5 or 15...Nf5 are worthinvestigatin g.} 16. Bxd5 Qxd5 $5 ({
Leading to an immediate draw and to... play-offs.} 16... Rxb2 {would have
sacrificed a smaller amount of material, but, paradoxically, would have been a
more ambitious decision. After} 17. Kxb2 Qxd5 18. Rhe1 Bf5 {Black has ample
compensation for the exchange, in view of the exposed position of the whiteking
}) 17. Nxd5 Bxb2+ 18. Kb1 Bc3+ $1 {Only here, so that White cannot interfere
the rook in efficient way.} 19. Kc1 Bb2+ 20. Kb1 Bc3+ 1/2-1/2

[Event "Morelia/Linares 24th"]
[Site "Morelia/Linares"]
[Date "2007.02.17"]
[Round "1"]
[White "Ivanchuk, Vassily"]
[Black "Leko, Peter"]
[Result "1/2-1/2"]
[WhiteElo "2750"]
[BlackElo "2749"]
[Annotator "Marin,M"]
[PlyCount "54"]
[EventDate "2007.02.17"]
[EventType "tourn"]
[EventRounds "14"]
[EventCountry "ESP"]
[EventCategory "20"]
[SourceTitle "CBM 117"]
[Source "ChessBase"]
[SourceDate "2007.03.30"]
[SourceVersion "1"]
[SourceVersionDate "2007.03.30"]
[SourceQuality "1"]

1. e4 e5 2. Nf3 Nc6 3. d4 exd4 4. Nxd4 Bc5 5. Be3 Qf6 6. c3 Nge7 7. g3 d5 8.
Bg2 dxe4 ({Black does not intend to make any kind of concession in the centre,
but will end up in a slightly worse position anyway. The main alternative is
to give up the pair of bishops with} 8... Bxd4 9. cxd4 dxe4 10. Nc3 Bf5 11.
Nxe4 Bxe4 12. Bxe4 {when after} O-O-O 13. d5 Nxd5 $1 {White did not get
sufficient compensation for the sacrificed (lost) pawn in Ligterink,G (2430)
-Kortschnoj,V (2645)/Leeuwarden 1977/EXT 98/ (0-1, 40)}) 9. O-O O-O 10. Nd2 Bb6
11. Re1 Nxd4 12. Nxe4 Qg6 13. Bxd4 Nc6 14. Bxb6 axb6 15. Qd2 {In spite of the
almost complete symmetry, Black still faces some problems of development.} Qf5
$6 $146 ({A novelty. The placement of the queen in front of the bishop looks a
bit awkward. Leko probably wanted to solve his problems by displaying activity
with his queen, but Her Majesty will not enjoy sufficient stability along the
5th rank. A recent opening catastrophy went} 15... Ra5 16. Qf4 Ne5 17. Rad1 f6
18. b4 Ra8 19. Ng5 Bg4 20. Rd2 Rae8 21. Rxe5 {and Black resigned in
Rublevsky-Sasikiran, Khanty Mansyisk 2005.}) 16. h3 $1 {A deep move, aiming to
force the enemy queen to abandon the kingisde.} h6 17. g4 Qb5 18. a4 $1 {
The queen cannot find peace anywhere.} Rxa4 ({Black has to pick up the
gauntlet. In case of} 18... Qa5 19. b4 Qe5 20. f4 Qe7 21. f5 $16 {White would
have a crushing advantage of space.}) 19. Nf6+ $1 ({This spectacular move
offers White a very strong attack. The main alternative was} 19. Rxa4 Qxa4 20.
g5 $1 {, provoking the serious weakening of Black's king's position without
major material investments. For instance, if} h5 {then} 21. Nf6+ {when Black
has to reject the present with} Kh8 {, leaving White with a wide choice of
maintaining his initiative.}) 19... gxf6 20. Rxa4 Qxa4 21. Qxh6 Qa5 22. Qxf6 $6
({This move slows down White's attack unnecessarily.} 22. Be4 {would have been
considerably stronger, for instance} f5 23. Bxc6 bxc6 24. g5 Qc5 {(Forced, in
order to defend the e7-square.)} 25. g6 fxg6 26. Qxg6+ Kh8 27. Qh5+ Kg7 28. Re3
$16 {with strong threats. In the least of the cases, Black will lose his
c8-bishop, without bringing his king into safety. It should be said that} f4 {
only makes things worse because of} 29. Re5 $18) 22... Qc5 $2 ({Pure panic.
Leko probably failed to notice White's concrete threats and mechanically
approached with the queen. It would have required a cold-blooded approach to
play the "normal" developing move} 22... Bd7 $1 {The importance of activating
this bishop is revealed b the following line analyzed by Jacob Aagaard:} 23.
Bxc6 Bxc6 24. Re5 Qa1+ 25. Kh2 Qh1+ 26. Kg3 {and now the manoeuvre} Be4 27.
Rg5+ Bg6 {saves the day for Black. White will have to decide himself to force
a perpetual with Rxg6+ soon.}) 23. Be4 $1 {White threatens b4 and if ...Qb5,
then c4! In fact, this theme is familiar to us from the previous phase of the
game. After the enemy queen will quite the fifth rank, a checkon g5 will soon
lead to mate.} Ne7 $8 24. Rd1 $6 {Too soft.} (24. Bh7+ $1 {would have led to
favourable simplifications.} Kxh7 25. Re5 {Apparently, Ivanchuk missed this
move.} Qxe5 (25... Nc6 26. Rxc5 bxc5 27. f4 $40 {followed by the massive
advance of the kingside pawns would put the blackking in a critical position.})
26. Qxe5 Nc6 27. Qxc7 $16) 24... Ng6 25. Bxg6 fxg6 26. Qxg6+ Kh8 27. Qh6+ Kg8
1/2-1/2

[Event "World-ch Tournament"]
[Site "Mexico City"]
[Date "2007.09.15"]
[Round "3"]
[White "Morozevich, Alexander"]
[Black "Svidler, Peter"]
[Result "1-0"]
[WhiteElo "2758"]
[BlackElo "2735"]
[Annotator "Marin,M"]
[PlyCount "73"]
[EventDate "2007.09.13"]
[EventType "tourn"]
[EventRounds "14"]
[EventCountry "MEX"]
[EventCategory "21"]
[SourceTitle "CBM 120"]
[Source "ChessBase"]
[SourceDate "2007.10.02"]
[SourceVersion "1"]
[SourceVersionDate "2007.10.02"]
[SourceQuality "1"]

1. e4 e5 2. Nf3 Nc6 3. d4 exd4 4. Nxd4 Bc5 5. Be3 Qf6 6. c3 Nge7 7. Bc4 O-O (
7... Ne5 8. Be2 Qg6 9. O-O d6 10. f3 O-O 11. Nd2 d5 {Rublevsky,S (2680)
-Grischuk,A (2717)/Elista 2007/CBM 119/[Marin,M] (1/2-1/2, 18)}) 8. O-O Ne5 9.
Bb3 $5 {Morozevich remains faithful to his style. Instead of the approved 9.
Be2, he plays a move that has been only rarely seen in games between strong
players. Morozevich queda fiel a su estilo. En vez de la jugada corriente 9.
Be2, él elige una jugada que se ha visto raramente en partidas entre jugadores
fuertes.} d6 10. f3 {But this is "almost" a novelty. In most of the games,
White preferred to develop his queen's knight, ignoring the threat ...Ng4.
Pero esta es "casi" una novedad. En la mayoría de partidas, las blancas
preferieron desarrollar su caballo de dama, ignorando la amenaza ...Ng4} ({
However, for the sake of truth it should be said that no other reasonably
strong player seems to have reached this position with white. After} 10. Nd2
Ng4 {White has no compensation for Black's domination on the dark squares.})
10... Be6 11. Kh1 Bc4 12. Rf2 d5 $15 {White's opening experiment seems to have
ended into a complete fiasco. He is behind in development and his advantage of
space is just about to vanish. El experimento de apertura de las blancas ha
sido todo un fracaso. Morozevich se encuentra atrasado con su desarrollo,
mientras que la ventaja de espacio está por esfumarse.} 13. Bc2 dxe4 ({Black
had a wide choice of tempting moves. The most logical seems to be Las negras
disponian de una gran variedad de jugadas tentadoras. La más lógica parece} 
13... Rad8 {, but then White could consider playing f4, immediately or after
driving the bishop away with b3. , pero en este caso las blancas podrían jugar
f4, inmediatamente o después de prevíamente echar al alfil enemigo con b3.}) ({
Maybe Tal vez} 13... Qh4 {is best, preventing f4 in view of ...Ng4 and
planning to place his rooks on the open files. It would not have been easy for
White to complete his development. sería lo mejor, impediendo f4 por ...Ng4 y
albergando la idea de desarrollar las torres en las colimnas abiertas. En este
caso, a las blancas les hubiera resultado bastante difícil acabar su
desarrollo de forma satisfactoría.}) 14. Nd2 $1 {White hurries to bring his
pieces into play. The point behind his last move is that 14...exf3? loses a
piece to 15.Nxc4 Nxc4 16.Qd3, atacking c4 and h7. Las blancas se apresuran a
acabar el desarrollo. La justificación táctica de su ultima jugada reside en
el hecho que 14...exf3? pierde una figura por 15.Nxc4 Nxc4 16.Qd3, tocando c4
y h7.} Bd3 $2 ({After this move White is back in the game. Once he cleared the
d5-square with his previous move, Black should have used it with Después de
esta jugada, las blancas han "vuelto en la partida". Dado que una jugada antes
las negras habían librado la casilla de d5, tendrían que haberla aprovechado
con} 14... Nd5 {for instance} 15. Nxe4 Qb6 $15 {and White is still under
pressure. y las blancas siguen estando bajo presión.}) 15. Nxe4 Bxe4 16. fxe4
Qg6 17. Rf4 {White has a normal position now; his chances are by no means
worse and in fact his position might be easier to play. Svidler must have ben
still under the impression of his missed advantage, because in the next phase
of the game he plays a series of pseudo-active moves, completely losing
coordination. Las blancas tienen una posición normal ya ylas posibilidades son
aproximadamente igualadas. Posiblemente, Svidler se encontraba todavía bajola
impresión de su ventaja perdida, porque en la fase siguíente va a efectuar un
par de jugadas pseudo-activas, perdiendo su coordinación por completo.} Nc4 (
17... Rad8 18. Qe2 Bb6 19. Raf1 $14 {[%cal Yc2b3] Black's position is solid
and he has a wonderful knight on e5, but he cannot do anything active.}) 18.
Bg1 $1 {Possibly underestimated by Svidler.} ({In case of the more passive} 18.
Bc1 {things would be OK for Black.}) 18... Qh6 (18... Nxb2 {[%csl Yb2] would
place the knight too far from the main theatre of operations.} 19. Qf3 {
[%cal Ye4e5]} Nc4 $6 {This only makes things worse.} 20. Nf5 $1 $40 Bd6 (20...
Nxf5 21. exf5 $18 {[%csl Yc4,Yc5]}) 21. Rg4 Ne5 22. Rxg6 Nxf3 23. Rxg7+ Kh8 24.
gxf3 Nxf5 25. Rg5 $16 {with white domination.}) 19. Rf3 Qd2 (19... Ne5 20. Rh3
Qf6 21. Qe2 $36 {[%cal Ya1f1]}) 20. Qb1 $1 Bb6 21. Bb3 $1 {Suddenly, Black is
in trouble. If the knight moves, Be3 wins the queen. De repente, las negras
están pasando apuros. Sí el caballo mueve, se perderia la dama por Be3.} Bxd4 {
Black surrenders strategically.} ({He would have preserved chances for
building up a fortress after} 21... Ne5 22. Be3 Nxf3 23. Bxd2 Nxd2 24. Qc2 Nxb3
25. Qxb3 Rad8 $14 {[%cal Ye7g6,Yg6e5] /+/- It would have required from White
certain technical effort to win this position.}) 22. cxd4 $16 {But now,
White's pair of bishops and his mobile centre offers him a huge advantage. As
a curiosity, I would remark that in his youth, Morozevich frequently played
the Chigorin Opening, which often leads to positions where two black knights
fight against two white bishops. Now, he became more complete as a player and
can deal with the opposite situation quite well. Pero ahora, la fuerte pareja
de alfiles y el centro móvil de peones ofrece una abrumadora ventaja a las
blancas.} Na5 23. Bc2 Rad8 24. Rc3 Nac6 {With his knights uncoordinated and
the queen exposed, Black is completely helpless against such simple threats as
Rxc7.} ({Here is an illustrative line:} 24... Rd7 25. Qf1 {[%csl Ge2][%cal
Yg1e3]} Qh6 (25... Qg5 26. Rc5 {[%csl Ya5]} Qd2 27. Rd1 Qb4 28. Rb5 Qc4 {
[%csl Yc2]} 29. Qxc4 Nxc4 30. Rxb7 $18) 26. d5 {[%csl Ga5][%cal Yb2b4]} b6 27.
b4 Nb7 28. Ba4 $18 {[%csl Yc7]}) 25. d5 Nb4 (25... Ne5 26. Qf1 {[%cal Yg1e3]} (
26. Be3 Qe2) 26... Qg5 27. Be3 (27. Rxc7 f5 $5) 27... Qg4 28. Rxc7 $18) 26. Bb3
(26. Rxc7 {was also possible, of course, but Morozevich prefers to preserve
his pair of bishops.}) 26... Na6 27. Be3 Qe2 28. Bc4 Qg4 29. h3 Qh4 30. Bxa6 {
Just to give it away under more favourable circumstances...} bxa6 31. Rxc7 $18
f5 32. Bc5 Rfe8 33. d6 Ng6 34. exf5 Nf4 35. Qc2 Re2 36. Qb3+ Kh8 37. Rg1 {
White has parried Black's threats, retaining decisive material and positional
advantage.} 1-0

[Event "World-ch Tournament"]
[Site "Mexico City"]
[Date "2007.09.20"]
[Round "7"]
[White "Morozevich, Alexander"]
[Black "Leko, Peter"]
[Result "1/2-1/2"]
[WhiteElo "2758"]
[BlackElo "2751"]
[Annotator "Marin,M"]
[PlyCount "120"]
[EventDate "2007.09.13"]
[EventType "tourn"]
[EventRounds "14"]
[EventCountry "MEX"]
[EventCategory "21"]
[SourceTitle "CBM 120"]
[Source "ChessBase"]
[SourceDate "2007.10.02"]
[SourceVersion "1"]
[SourceVersionDate "2007.10.02"]
[SourceQuality "1"]

1. e4 e5 2. Nf3 Nc6 3. d4 exd4 4. Nxd4 Bc5 5. Be3 Qf6 6. c3 Nge7 7. Bc4 Ne5 {
Two rounds earlier, facing the same variation against the same opponent,
Svidler jumped with his knight only after castling. Dos rondas antes,
enfrentandose con la misma variante y el mismo contrincante, Svidler saltó con
el caballo a e5 solo después de enrocarse.} 8. Bb3 {Despite the unsatisfactory
result of the opening in the aforementioned game, Morozevich sticks to this
unusual bishop retreat. A pesar del resultado insatisfactorío de la apertura
de dicha partida, Morozevich queda fiel a esta retirada no muy común de alfil.}
Qg6 9. O-O d5 {An accelerated form of central counterplay. The tactical
justification consists of the fact that the capture on d5 would lose material
to ...Bh3. Una forma accelerada de contrajuego en el centro. La justificación
táctica reside en el hecho de que la captura en d5 perdería material por ...
Ah3.} (9... Qxe4 {is too risky. White has at least two ways to develop his
initiative.} 10. Re1 $1 $36 (10. Nd2 Qg4 11. Nb5 Qxd1 12. Raxd1 Bxe3 13. fxe3
Kd8 14. Bxf7 d6 {Meitner,P-Rosenthal,S/Vienna 1873/EXT 2002 (0-1, 72). looks
survivable for Black.}) 10... Qh4 $2 11. Nf3 $1 Nxf3+ 12. Qxf3 $16 {[%csl Yc5,
Yf7] Saleme,C-Van Riemsdijk,H/Villa Gesell 1970/EXT 98 (1/2-1/2, 66)}) 10. Bf4
{Technically speaking, this is not a novelty, but this is the first time the
move is played by a strong player.} (10. Nf5 $6 dxe4 11. Nxe7 Bxe7 12. Kh1 O-O
$17 {Cardoso,R-Bisguier,A/Malaga 1971/EXT 99 (0-1, 34)}) (10. Nf3 Nxf3+ 11.
Qxf3 Bg4 12. Qf4 Bxe3 13. fxe3 O-O-O 14. Nd2 Be6 $15 {Petrushin,A (2403)
-Kotenko,P (2395)/Russia 2002}) (10. exd5 $2 Bh3 11. g3 Qe4 $19) 10... Bg4 $1
$146 {Only this is the new move, but, as mentioned, the position after 10.Bf4
was only seen before in games between players of lower level.} ({Here is a
recent example:} 10... Qxe4 $6 {Risky, but not really easy to refute. Maybe
this is what Morozevich concentrated his preparation on.} 11. Bxe5 $2 {
Pointless.} (11. Qd2 $5 {[%cal Yf1e1]} Nc4 12. Bxc4 dxc4 13. Re1 Qg6 14. Na3
$44 {[%csl Gd4]}) 11... Qxe5 12. Re1 {Bodereau,M (1720)-Deregnaucourt,Y (1740)/
France 2001/EXT 2003 (1-0, 42)} Qd6 $17) 11. Qc2 (11. f3 $2 Nxf3+ $1 12. Rxf3
dxe4 $19) 11... f6 12. Ba4+ ({This looks pointless after Black's answer, but
maybe Morozevich did not like the position after} 12. Nd2 O-O-O {[%cal Yh8e8]
with strong centralization and excellent development for Black.}) 12... c6 13.
Nd2 O-O ({Now,} 13... O-O-O {would offer White some attacking chances after}
14. b4 {, as pointed out by Golubev.}) 14. f3 Bd7 15. Kh1 Bb6 16. Rae1 Rae8 {
We have reached a curious position. The pawn structure is perfectly
symmetrical if we take the centre of the board as a reference point. Both
sides' development is just normal, which makes the chances about equal. In the
next phase of the game, both players will manoeuvre in their own territory,
hoping to convince the opponent to release the tension in the centre and this
way get some micro-initiative. Hemos llegado a una posición curiosa. La
estructura es perfectamente simetrica con respecto al punto central del
tablero. El desarrollo de ambos bandos es normal, por lo que las posibilidades
pueden ser evaluadas como iguales. En la fase siguíente de la partida, ambos
jugadores intentarán "convencer" a su rival de ceder la tensión en el centro
para así hacerse con una ligera iniciativa.} 17. Re2 Kh8 18. Bg3 Qh5 19. Qd1
Bc7 20. Rfe1 Bb8 21. exd5 {Finally giving in and, basically, admitting that
White has not obtained any advantage out of the opening. ¡Finalmente!} Nxd5 22.
Nf1 Nb6 23. Bc2 c5 24. Re4 $5 {Rudolf Spielmann would call this a passive
sacrifice, because Black is not forced to accept it. Rudolf Spielmann llamaría
esta una entrega pásiva, porque las negras no están forzadas de aceptarla.} Qf7
({But maybe in this case he should accept it! After Pero tal vez en este caso
¡deberían hacerlo! Después de} 24... cxd4 $5 25. Rh4 Qf7 26. Bxh7 g5 27. Bg6+
gxh4 28. Bxf7 Rxf7 {Black would get more than sufficient material compensation
for the sacrificed queen, while the weakness of his king is not easy to take
advantage of. las negras obtendrían compensación material más que suficiente
por la dama entregada, mientras que la debilidad de su rey no puede ser
aprovechada facilmente por las blancas.}) 25. Nb3 Bf5 26. R4e2 Rd8 27. Rd2 Bxc2
28. Qxc2 Rxd2 29. Nfxd2 c4 30. Nd4 Nbd7 {Black has more space, but the almost
symmetrical character of the position makes a draw the most probable result.}
31. Re2 a6 32. Ne4 b5 33. b4 Qd5 34. Nf2 Nb6 35. Re4 Qd7 36. Bxe5 Bxe5 37. Ng4
Bb8 38. Ne3 Re8 39. g3 g6 40. Kg2 f5 41. Rxe8+ Qxe8 42. Qd2 Be5 43. Ne2 Kg7 44.
Kf2 Qe7 45. f4 Bf6 46. g4 fxg4 47. Nxg4 Qd8 48. Qe3 Nd5 49. Qa7+ Qe7 50. Qxa6
Qd7 51. Nxf6 Nxf6 52. Qa8 Qh3 53. Ke1 Qd3 54. Qa7+ Kh6 55. Qd4 Qb1+ 56. Kf2
Ng4+ 57. Kg3 Qxa2 58. h3 Qxe2 59. hxg4 Qe1+ 60. Kf3 Qh1+ 1/2-1/2